000 00491nam a2200169Ia 4500
999 _c28624
_d28624
003 OSt
005 20201221103524.0
008 190216s9999||||xx |||||||||||||| ||und||
040 _coclc
082 _a894.8121
_bVAR/T
100 _aVarier, K V Iswara
_97708
245 0 _aThiranjedutha Kavithakal /
_cK V Iswara Varier
260 _bPusthakasadas,
_aEdappal:
_c2005.
300 _a162p
650 _aKavithakal
942 _cBK
_2ddc
_h894.8121
_iVAR/T
_k894.8121
_mVAR/T